000 00356nam a2200133Ia 4500
008 220204s9999 xx 000 0 und d
082 _a347.78
_bPAD
100 _aPadfield
245 0 _aCopyright for archivists and users of archives
250 _aEd.2
260 _aLondon
_bFacet Publishing
_c2004
650 _aIntellectual property rights
942 _cBK
999 _c42408
_d42408